000 01471cam a22004214a 4500
001 muse85126
003 MdBmJHUP
005 20210127151555.0
006 m o d
007 cr||||||||nn|n
008 970703s1997 mx o 00 0 spa d
010 _z 97168858
020 _a9786076289068
020 _z9681208196
020 _z9789681208196
035 _a(OCoLC)1148131891
040 _aMdBmJHUP
_cMdBmJHUP
043 _ae-sp---
050 0 4 _aPQ6105
_b.T49 1997
245 0 0 _aTexto y representación en el teatro del siglo de oro
_cedición de Aurelio González.
250 _a1. ed.
264 1 _bColegio de Mexico, Centro de Estudios Lingüísticos y Literarios,
264 3 _bProject MUSE,
300 _a1 online resource (117 p.)
504 _aIncludes bibliographical references (p. 111-117).
506 0 _aOpen Access
_fUnrestricted online access
_2star
588 _aDescription based on print version record.
650 0 _aSpanish drama
_yClassical period, 1500-1700
_xHistory and criticism.
655 7 _aElectronic books.
_2local
700 1 _aGonzález, Aurelio.
710 2 _aProject Muse.
_edistributor
830 0 _aBook collections on Project MUSE.
856 4 0 _zFull text available:
_uhttps://muse.jhu.edu/book/74462/
999 _c26255
_d26255